Zdaňovanie príjmov v SR po 1. januári 2018 - zmeny v oblasti dane fyzických osôb a dane právnických osôb

Legislatíva zdaňovania príjmov fyzických osôb.

Enregistré dans:
Détails bibliographiques
Auteur principal: Vašeková, Miroslava, 1978-
Autres auteurs: Mateášová, Martina, 1979-
Format: Chapitre de livre
Langue:slovaque
Sujets:
Tags: Ajouter un tag
Pas de tags, Soyez le premier à ajouter un tag!

MARC

LEADER 00000nla a2200000 4500
001 0247555
005 20240502073949.2
041 0 |a slo 
044 |a SK 
245 1 0 |a Zdaňovanie príjmov v SR po 1. januári 2018 - zmeny v oblasti dane fyzických osôb a dane právnických osôb  |c Miroslava Vašeková, Martina Mateášová 
520 |a Legislatíva zdaňovania príjmov fyzických osôb. 
610 2 0 |a legislatíva 
610 2 0 |a zdaňovanie 
610 2 0 |a dane z príjmov 
610 2 0 |a osoby fyzické 
610 2 0 |a Slovensko 
100 1 |a Vašeková, Miroslava, 1978- 
700 1 |a Mateášová, Martina, 1979-